Sri Rama Lila: (Record no. 153117)

MARC details
000 -LEADER
fixed length control field 00790nam a22002057a 4500
005 - DATE AND TIME OF LATEST TRANSACTION
control field 20181103145325.0
010 ## - LCCN (DPL NO)
LC control number B-164293 ,B-164294
020 ## - INTERNATIONAL STANDARD BOOK NUMBER
International Standard Book Number 8173051801
035 ## - SYSTEM CONTROL NUMBER
System control number B-164293, B-164294
037 ## - SOURCE OF ACQUISITION
Source of stock number/acquisition Aryan Books International
082 ## - DEWEY DECIMAL CLASSIFICATION NUMBER
Classification number 230.1
100 ## - MAIN ENTRY--PERSONAL NAME
Personal name Vanamali
245 ## - TITLE STATEMENT
Title Sri Rama Lila:
Remainder of title the story of the lord's lncarnation as shri rama
Statement of responsibility, etc Vanamali
260 ## - PUBLICATION, DISTRIBUTION, ETC. (IMPRINT)
Place of publication, distribution, etc New Delhi
Name of publisher, distributor, etc Aryan Books International
Date of publication, distribution, etc 2006
270 ## - ADDRESS
Address Pooja Apartments,4B, Ansari Road, Darya Ganj, New Delhi-110002
City New Delhi
Postal code 110002
300 ## - PHYSICAL DESCRIPTION
Extent 275p.
Dimensions 23cm(hb)
500 ## - GENERAL NOTE
General note Glossary of Mantras
942 ## - ADDED ENTRY ELEMENTS (KOHA)
Source of classification or shelving scheme Dewey Decimal Classification
Item type English Books
Classification part 230.1
Call number suffix VAL
Holdings
Withdrawn status Lost status Not for loan Collection code Home library Current library Date acquired Full call number Barcode Koha item type Copy number
      Non-fiction R.C.Libraries (zls) R.C.Libraries (zls) 03/11/2018 230.1 VAL B-164294 English Books 1
      Non-fiction Sarojini Nagar Sarojini Nagar 01/07/2018 230.1 VAL B-164293 English Books  

© Delhi Public Library
Hit Counter
free hit counter